[Event "Seville-ch"]
[Site "Seville"]
[Date "2017.03.25"]
[Round "9"]
[White "Jimenez Minon, Jose Daniel"]
[Black "Bengoa Diaz, Francisco Javier"]
[Result "1/2-1/2"]
[WhiteElo "2099"]
[BlackElo "1868"]
[PlyCount "110"]
[EventDate "2017.01.28"]
[EventType "swiss"]
[EventRounds "9"]
[EventCountry "ESP"]
[SourceTitle "EXT 2018"]
[Source "ChessBase"]
[SourceDate "2017.10.13"]
[SourceVersion "1"]
[SourceVersionDate "2017.10.13"]
[SourceQuality "1"]

1. Nf3 d5 2. g3 Nf6 3. Bg2 e6 4. d3 Nbd7 5. Nbd2 c6 6. 0-0 Bc5 7. e4 dxe4 8. Nxe4 Nxe4 9. dxe4 e5 10. b3 0-0 11. Bb2 Qc7 12. Qe2 Re8 13. Rad1 Nf8 14. Qc4 Bb6 15. h3 Be6 16. Qe2 f6 17. Ba3 Rad8 18. Nh4 g6 19. Nf3 Rxd1 20. Rxd1 Rd8 21. Bf1 Rxd1 22. Qxd1 Qd7 23. Qxd7 Nxd7 24. Nd2 Nc5 25. Kg2 Kf7 26. f4 exf4 27. gxf4 Nd7 28. Bc4 Be3 29. f5 Bxc4 30. Nxc4 Bc5 31. b4 Be7 32. Na5 Ne5 33. Nxb7 Nc4 34. Bc1 Bxb4 35. Nd8+ Ke8 36. Nxc6 Bd2 37. Bxd2 Nxd2 38. fxg6 hxg6 39. Nxa7 Nxe4 40. Nb5 Kd7 41. Kf3 f5 42. h4 Kc6 43. Nd4+ Kd5 44. Nxf5 gxf5 45. Kf4 Ke6 46. a4 Nc5 47. a5 Kf6 48. c3 Na6 49. Kf3 Nc5 50. Ke3 Ke5 51. h5 Kf6 52. Kf4 Ne6+ 53. Kg3 Nc5 54. Kf4 Ne6+ 55. Kg3 Nc5 1/2-1/2

[Event "ESP-chT Gp1"]
[Site "Burguillos"]
[Date "2008.08.13"]
[Round "1"]
[White "Ortiz Aviles, Javier"]
[Black "Jimenez Minon, Jose Daniel"]
[Result "1/2-1/2"]
[WhiteElo "1885"]
[BlackElo "2083"]
[PlyCount "148"]
[EventDate "2008.08.13"]
[EventType "team"]
[EventRounds "6"]
[EventCountry "ESP"]
[SourceTitle "CBM 126 Extra"]
[Source "ChessBase"]
[SourceDate "2008.11.05"]
[SourceVersion "1"]
[SourceVersionDate "2008.11.05"]
[SourceQuality "1"]

1. c3 d5 2. d4 Nf6 3. Nf3 e6 4. Bg5 Be7 5. Nbd2 Nbd7 6. e3 0-0 7. Bd3 c5 8. 0-0 Re8 9. Re1 c4 10. Bc2 b5 11. e4 dxe4 12. Nxe4 Bb7 13. Nxf6+ Bxf6 14. Bxf6 Qxf6 15. Ne5 Nxe5 16. Rxe5 a6 17. Qg4 Bd5 18. Rae1 Rf8 19. f4 Kh8 20. f5 Rad8 21. Rf1 Qh6 22. fxe6 fxe6 23. Qg5 Rxf1+ 24. Kxf1 Qxg5 25. Rxg5 a5 26. Rh5 h6 27. Re5 b4 28. Be4 Kg8 29. Bxd5 exd5 30. Re7 bxc3 31. bxc3 Rb8 32. a4 Rb1+ 33. Ke2 Rb2+ 34. Kf1 Ra2 35. Re5 Rxa4 36. Rxd5 Kf7 37. Rc5 Kf6 38. Kf2 Ra2+ 39. Kf3 a4 40. Rxc4 a3 41. Ra4 Ke6 42. Ra5 Ra1 43. Kg4 a2 44. Kh5 Kf6 45. h3 Kf7 46. Rf5+ Ke6 47. Re5+ Kf6 48. Re2 Rc1 49. Rxa2 Rxc3 50. Re2 Rd3 51. Re4 Ra3 52. Rf4+ Ke6 53. Kg6 Ra7 54. d5+ Kxd5 55. Rf7 Ra2 56. g4 Ra3 57. h4 Ra4 58. Kh5 g6+ 59. Kxg6 Rxg4+ 60. Kh5 Ra4 61. Re7 Kd6 62. Re2 Kd7 63. Rh2 Ra6 64. Re2 Rb6 65. Re5 Rb4 66. Ra5 Ke7 67. Ra6 Kf7 68. Rxh6 Rb5+ 69. Kg4 Rb4+ 70. Kg3 Rb3+ 71. Kf2 Kg7 72. Rh5 Kg6 73. Rh8 Rh3 74. Rg8+ Kh5 1/2-1/2

[Event "Andalucia-ch U18"]
[Site "Motril"]
[Date "2008.03.15"]
[Round "3.2"]
[White "Fernandez Garcia, Jose Miguel"]
[Black "Jimenez Minon, Jose Daniel"]
[Result "1-0"]
[WhiteElo "2033"]
[BlackElo "2053"]
[PlyCount "68"]
[EventDate "2008.03.14"]
[EventType "swiss"]
[EventRounds "8"]
[EventCountry "ESP"]
[SourceTitle "EXT 2024"]
[Source "ChessBase"]
[SourceDate "2023.10.10"]
[SourceVersion "1"]
[SourceVersionDate "2023.10.10"]
[SourceQuality "1"]

1. e4 d5 2. exd5 Qxd5 3. Nc3 Qa5 4. Bc4 Nf6 5. d3 c6 6. Bd2 Qc7 7. Qe2 Bf5 8. h3 h5 9. Nf3 Nbd7 10. 0-0-0 Nb6 11. Bb3 e6 12. Nd4 0-0-0 13. Nxf5 exf5 14. Qf3 g6 15. Rhe1 Nfd5 16. Re2 Bh6 17. Bxh6 Nxc3 18. bxc3 Rxh6 19. Rde1 Rhh8 20. Re7 Rd7 21. Qe3 Nd5 22. Bxd5 cxd5 23. Rxd7 Qxd7 24. Qxa7 Rd8 25. Qc5+ Qc7 26. Qxc7+ Kxc7 27. Re7+ Rd7 28. Rxd7+ Kxd7 29. g3 g5 30. h4 f6 31. f4 Ke6 32. Kb2 Kd6 33. Kb3 Kc5 34. a4 g4 1-0

[Event "Andalucia-ch U18"]
[Site "Motril"]
[Date "2008.03.14"]
[Round "1.18"]
[White "Lopez Munoz, Miguel Angel"]
[Black "Jimenez Minon, Jose Daniel"]
[Result "0-1"]
[WhiteElo "1798"]
[BlackElo "2053"]
[PlyCount "110"]
[EventDate "2008.03.14"]
[EventType "swiss"]
[EventRounds "8"]
[EventCountry "ESP"]
[SourceTitle "EXT 2024"]
[Source "ChessBase"]
[SourceDate "2023.10.10"]
[SourceVersion "1"]
[SourceVersionDate "2023.10.10"]
[SourceQuality "1"]

1. e4 d5 2. exd5 Qxd5 3. Nc3 Qa5 4. d4 c6 5. Nf3 Nf6 6. Be2 Bf5 7. 0-0 e6 8. Bf4 Bb4 9. Bd3 Bxc3 10. bxc3 Bg6 11. Rb1 Nd5 12. Bd2 Qc7 13. Ne5 Nd7 14. Nxd7 Qxd7 15. Rb3 Bxd3 16. cxd3 0-0 17. Qc2 Rfe8 18. c4 Ne7 19. Rfb1 b6 20. Be3 Nf5 21. Qb2 Red8 22. a4 Nxd4 23. Qxd4 Qxd4 24. Bxd4 Rxd4 25. a5 bxa5 26. Rb8+ Rd8 27. Rxa8 Rxa8 28. Kf1 Kf8 29. Ra1 a4 30. Rxa4 a5 31. Ke2 Ke7 32. d4 Kd6 33. Kd3 Kc7 34. c5 Kb7 35. Kc4 Ka6 36. f4 g6 37. g4 Rb8 38. h4 Rb1 39. Ra2 Rb4+ 40. Kc3 Kb5 41. f5 a4 42. fxe6 Rb3+ 43. Kc2 fxe6 44. h5 gxh5 45. gxh5 Kb4 46. h6 a3 47. Ra1 Rb2+ 48. Kd3 a2 49. Rf1 Rb1 50. Rf8 Rb3+ 51. Kc2 a1Q 52. Rb8+ Kc4 53. Rxb3 Qxd4 54. Rb7 Kxc5 55. Kc1 Kc4 0-1